000 00390nam a2200181Ia 4500
001 15547
005 20260306170204.0
008 260306t2004||||xx |||||||||||||| ||und||
041 _aESP
082 _a544
_bL54
100 _aLevine, Ira N.
_eAUT
245 0 _aFisicoquĂ­mica
260 _c2004
300 _a
_c25 cm.
650 _aGEN
654 _aCCN
942 _cLIB
_dJUS
_fJUS
_2ddc
_n
999 _c15547
_d15547